The march to the Marne : the French army, 1871-1914 /

Bibliographic Details
Main Author: Porch, Douglas
Format: Book
Language:English
Published: Cambridge ; New York : Cambridge University Press, 1981.
Subjects:

MARC

Tag First Indicator Second Indicator Subfields
LEADER 00000pam a2200000 a 4500
001 in00000082187
005 20151008055528.0
008 810610s1981 enk b 00110 eng
010 |a  81010139  
020 |a 0521238838 :  |c $37.00 (est.) 
035 |a (OCoLC)07571697 
035 |9 AAJ3710AM 
039 0 |a 2  |b 3  |c 3  |d 3  |e 3 
040 |a DLC  |c DLC  |d TXA  |d UtOrBLW 
043 |a e-fr--- 
049 |a TXAM  |c [933123] 
050 0 0 |a UA702  |b .P67 
082 0 |a 322/.5/0944  |2 19 
100 1 |a Porch, Douglas. 
245 1 4 |a The march to the Marne :  |b the French army, 1871-1914 /  |c Douglas Porch. 
264 1 |a Cambridge ;  |a New York :  |b Cambridge University Press,  |c 1981. 
300 |a viii, 294 pages ;  |c 24 cm. 
336 |a text  |b txt  |2 rdacontent 
337 |a unmediated  |b n  |2 rdamedia 
338 |a volume  |b nc  |2 rdacarrier 
500 |a Includes index. 
504 |a Bibliography: pages 281-290. 
610 1 0 |a France.  |b Armée  |x History  |y 19th century. 
610 1 0 |a France.  |b Armée  |x History  |y 20th century. 
610 1 0 |a France.  |b Armée  |x Political activity. 
651 0 |a France  |x Politics and government  |y 1870-1940. 
999 |a MARS 
999 f f |s 6fed9ea6-4d95-3ee8-a6d1-c3314b621c9f  |i 57c6b065-ee43-37dd-a0b3-f0ea115277b9  |t 0 
952 f f |p normal  |a Texas A&M University  |b College Station  |c Sterling C. Evans Library  |d Evans: Library Stacks  |t 0  |e UA702 .P67  |h Library of Congress classification  |i unmediated -- volume  |m A14806260867 
998 f f |a UA702 .P67  |t 0  |l Evans: Library Stacks